Hợp chất thiên nhiên dùng làm thuốc
Trình bày một số khái niệm về các hợp chất thiên nhiên đang dùng trong y dược học và đời sống thực tế. Một số phương pháp chế biến hợp chất thiên nhiên đã được và có thể ứng dụng được hiện nay....
সংরক্ষণ করুন:
| প্রধান লেখক: | |
|---|---|
| বিন্যাস: | গ্রন্থ |
| ভাষা: | Undetermined |
| প্রকাশিত: |
Hà Nội
Y học
1999
|
| বিষয়গুলি: | |
| ট্যাগগুলো: |
ট্যাগ যুক্ত করুন
কোনো ট্যাগ নেই, প্রথমজন হিসাবে ট্যাগ করুন!
|
| Thư viện lưu trữ: | Trung tâm Học liệu Trường Đại học Cần Thơ |
|---|
| LEADER | 00998nam a2200205Ia 4500 | ||
|---|---|---|---|
| 001 | CTU_161031 | ||
| 008 | 210402s9999 xx 000 0 und d | ||
| 082 | |a 547.7 | ||
| 082 | |b Đ105 | ||
| 100 | |a Nguyễn, Văn Đàn | ||
| 245 | 0 | |a Hợp chất thiên nhiên dùng làm thuốc | |
| 245 | 0 | |c Nguyễn Văn Đàn, Ngô Ngọc Khuyến | |
| 260 | |a Hà Nội | ||
| 260 | |b Y học | ||
| 260 | |c 1999 | ||
| 520 | |a Trình bày một số khái niệm về các hợp chất thiên nhiên đang dùng trong y dược học và đời sống thực tế. Một số phương pháp chế biến hợp chất thiên nhiên đã được và có thể ứng dụng được hiện nay. | ||
| 650 | |a Essential oils,Organic compounds,Tinh dầu,Hợp chất hữu cơ | ||
| 650 | |x Synthesis,Sự tổng hợp | ||
| 904 | |i Thuỳ, Năm | ||
| 980 | |a Trung tâm Học liệu Trường Đại học Cần Thơ | ||